The political economy of inflation in the United States /

Bibliographic Details
Main Author: Peretz, Paul
Format: Book
Language:English
Published: Chicago : University of Chicago Press, 1983.
Subjects:

MARC

Tag First Indicator Second Indicator Subfields
LEADER 00000pam a2200000 a 4500
001 in00000504721
005 20151013065115.0
008 821217s1983 ilua b 00110 eng
010 |a  82024738  
020 |a 0226656713 (hard) 
020 |a 0226656721 (pbk.) 
035 |a (OCoLC)09133442 
035 |9 ACD8123AM 
039 0 |a 2  |b 3  |c 3  |d 3  |e 3 
040 |a DLC  |c DLC  |d TXA  |d UtOrBLW 
043 |a n-us--- 
049 |a TXAM  |c [1810711] 
050 0 0 |a HG540  |b .P47 1983 
082 0 |a 332.4/1/0973  |2 19 
100 1 |a Peretz, Paul. 
245 1 4 |a The political economy of inflation in the United States /  |c Paul Peretz. 
264 1 |a Chicago :  |b University of Chicago Press,  |c 1983. 
300 |a xi, 268 pages :  |b illustrations ;  |c 23 cm. 
336 |a text  |b txt  |2 rdacontent 
337 |a unmediated  |b n  |2 rdamedia 
338 |a volume  |b nc  |2 rdacarrier 
504 |a Includes bibliographical references and index. 
650 0 |a Inflation (Finance)  |z United States. 
651 0 |a United States  |x Economic policy  |y 1981-1993. 
999 |a MARS 
999 f f |s 30de8233-e50e-3b7b-b627-8bff5337af88  |i 9cbe334d-efb8-3547-bf1b-669a957e8c1d  |t 0 
952 f f |p ric  |a Texas A&M University  |b Rellis Campus  |c Joint Library Facility  |d Remote Storage  |t 0  |e HG540 .P47 1983  |h Library of Congress classification  |i unmediated -- volume  |m A14807686139 
998 f f |a HG540 .P47 1983  |t 0  |l Remote Storage